Planificación de un caso penal /

Guardado en:
Autor Principal: Rua, Gonzalo.
Otros Autores: Binder, Alberto, (dir. de la colección.), Lorenzo, Leticia, (coord. general.)
Formato: Libro
Idioma:Undetermined
Publicado: Ciudad Autónoma de Buenos Aires : Didot, 2022.
Edición:1a. ed.
Series:Litigación y Enjuiciamiento Penal Adversarial
Materias:
Etiquetas: Agregar Etiqueta
Sin Etiquetas, Sea el primero en etiquetar este registro!
LEADER 00666nam a22002055a 4500
001 DER.der014842
008 230925s2022####xx############000#0#und#d
005 20230926093855.0
245 1 0 |a Planificación de un caso penal /  |c Gonzalo Rua. 
250 |a 1a. ed. 
260 |a Ciudad Autónoma de Buenos Aires :  |b Didot,  |c 2022. 
300 |a 317 p. 
490 1 |a Litigación y Enjuiciamiento Penal Adversarial 
020 |a 9789873620973 
100 1 |a Rua, Gonzalo. 
700 1 |a Binder, Alberto,  |e dir. de la colección. 
700 1 |a Lorenzo, Leticia,  |e coord. general. 
650 7 |a DERECHO PENAL 
650 7 |a LITIGACION PENAL 
859 |a DERECHO  |b BIB. DERECHO  |h 345.001  |i RUA  |p 0010230